| 000 | 00431cam a22001457a 4500 | ||
|---|---|---|---|
| 008 | 180718b2002 xxu||||| |||| 00| 0 eng d | ||
| 020 | _a8173044422 | ||
| 082 | _aA6x54 K897 | ||
| 100 | _aKrishna, B. | ||
| 245 |
_aIndian freedom struggle: the pathfinders from Surendranath Banerjea to Gandhi _cby B. Krishna |
||
| 260 |
_aNew Delhi _bManohar _c2002 |
||
| 300 | _a232p. | ||
| 650 | _aIndia - History | ||
| 650 | _aNationalism - India | ||
| 999 |
_c399881 _d399881 |
||